| 000 | 00357cam a2200145ua 4500 | ||
|---|---|---|---|
| 041 |
_ahin _h |
||
| 082 |
_a891.54 _bPAR/PA |
||
| 100 | _aGuptha , Paramananth . | ||
| 245 |
_aPanth Barathee / _cParamananth Guptha. _hTextual Documents |
||
| 260 |
_a : _bAnnuraji Prakhash , _c1961. |
||
| 300 | _a68 ; . | ||
| 504 | _a | ||
| 942 | _cBK | ||
| 999 |
_c11704 _d11704 |
||